000 00444nam a2200181Ia 4500
005 20250609103552.0
008 008 250516s9999 xx 000 0 eng d
020 _a9780367158798
040 _beng
_cSDCL
041 _aeng
_2eng
084 _aV1'P N4
100 _aSmil, Vaclav
245 0 _aEnergy in world history
260 _aLondon :
_bRoutledge,
_c1994.
300 _axviii, 300p.
650 _aReference
942 _cTEXL
_2CC
999 _c1429788
_d1429788